Tmavomodrý svět

Hlavní autor: Werich, Jan, 1905-1980
Korporativní autor: Hudební divadlo v Karlíně. Orchestr
Další autoři: Ježek, Jaroslav, 1906-1942, Voskovec, Jiří, 1905-1981, Vlach, Karel, 1911-1986
Jazyk: Čeština
Vydáno: Praha : Supraphon, p2010
Témata:
Fyzický popis: 1 zvuková deska (78:47) : digital, stereo ; 12 cm
Zvukové nahrávky
Uloženo v:
LEADER 02510njm a2200529 a 4500
001 001085516
003 CZ BrMZK
005 20120619125652.0
007 sd fsngnnmmned
008 100204p20101951xr ppn g h cze d
015 |a cnb002033084 
024 1 |a 099925584825 
028 0 1 |a SU 5848-2  |b Supraphon 
040 |a BOA001  |b cze 
045 |a x5x5 
047 |a jz  |a pp 
072 7 |a 784  |x Vokální hudba  |2 Konspekt  |9 9 
080 |a 78.036.9  |2 MRF 
080 |a 784.4  |2 MRF 
080 |a (086.76)  |2 MRF 
100 1 |a Werich, Jan,  |d 1905-1980  |7 jk01151601  |4 lyr  |4 sng 
245 1 0 |a Tmavomodrý svět  |h [zvukový záznam] 
260 |a Praha :  |b Supraphon,  |c p2010 
300 |a 1 zvuková deska (78:47) :  |b digital, stereo ;  |c 12 cm 
306 |a 011847 
500 |a Hudba Jaroslav Ježek a další ; texty Jan Werich, Jiří Voskovec a další 
500 |a Původní fonogramy p1952-1964 Supraphon 
500 |a Poznámky k písním Jiří Voskovec (z knihy Jiří Voskovec: Klobouk ve křoví, Čs. spisovatel, Praha 1965) 
500 |a Kompaktní deska (AAD) 
505 0 0 |t Tmavomodrý svět --  |t Píseň strašlivá o Golemovi --  |t Ezop a brabenec --  |t Šaty dělaj' člověka --  |t Kat a blázen --  |t Hej, pane králi! --  |t Tragédie vodníkova --  |t Potopa --  |t Holduj tanci, pohybu --  |t Konšelská --  |t Nebe na zemi --  |t David a Goliáš --  |t Polka specielně aktuelní --  |t Srejček Hlad --  |t Stonožka --  |t Civilizace --  |t Babička Mary --  |t Nerýmovaná --  |t Cecílie (Umbriago) --  |t Bleška a veška --  |t Hodné štěně --  |t Ten umí to a ten zas tohle --  |g Bonus.  |t Některý den (Some of these days) ;  |t Být či nebýt (Inka Dinka Doo) 
511 0 |a Zpívá Jan Werich ; Orchestr Divadla hl. města Prahy v Karlíně a další orchestry, řídí Karel Vlach 
518 |a Nahrávky z let 1951-1957 
648 4 |a 1951-1957 
650 0 7 |a jazz  |7 ph121330  |2 czenas 
650 0 7 |a populární písně  |7 ph124354  |y 1951-1960  |2 czenas 
655 7 |a kompaktní desky  |7 fd201991  |2 czenas 
700 1 |a Ježek, Jaroslav,  |d 1906-1942  |7 jk01051624  |4 cmp 
700 1 |a Voskovec, Jiří,  |d 1905-1981  |7 jk01150746  |4 lyr  |4 wam 
700 1 |a Vlach, Karel,  |d 1911-1986  |7 jn20000402552  |4 cnd 
710 2 |a Hudební divadlo v Karlíně.  |b Orchestr  |7 kn20030717012 
740 0 2 |a Umbriago 
740 0 2 |a Some of these days 
740 0 2 |a Inka Dinka Doo 
910 |a BOA001  |b CDR-1236.261 
990 |a AV 
991 |b 201003 
996 6 |b 2610411053  |c CDR-1236.261  |l MZK  |r Sklad / do 24 hodin  |n 0  |p p.v.  |w 001108583  |u 000010  |a 1  |e BOA001  |j MZK50  |s P